000 00678nas a2200229 4500
001 BR8101400
003 BR-BrBNA
005 20231205084549.0
007 ta
008 230509b bl.|||p| |||| 00| 00por d
040 _aBR-BrBNA
_bpor
_cBiblioteca Nacional de Agricultura
041 _a(Pt)
072 _aF70
100 1 _aCarauta, J.P.P.
245 1 _aMoraceae, notas taxonomicas [Moraceas; Brasil]
246 1 _a[Moraceae, taxonomic notes [Brazil]]
650 _aTaxonomia vegetal
650 _aMoraceae
773 0 _tRodriguesia (Brazil)
_xISSN 0370-6583
_g(1980), v. 35(53) p. 109-116
_wBR8101400
909 _a202311
_bLúcia
_c55
_dLúcia Elande
942 _2AGRIS
_n0
_cANA
999 _c105949
_d105949